000 00747nam a2200241Ia 4500
003 OSt
005 20220923220615.0
006 a|||||r|||| 00| 0
007 ta
008 220922b |||||||| |||| 00| 0 hin d
024 _a187,913
037 _cTextual
040 _aARTS
_cARTS
_bhin
041 _2hin
_ahin
082 _aV236,21wE92, 152L1
100 _aसत्य प्रकाश
_9156291
245 0 _aकुमारपाल चौलुक्य
246 _aKumārapāl chaulukya
260 _aमेरठ
_b मीनाक्षी प्रकाशन
_c1972
300 _a188 पृ.
_ccm.
942 _hV236,21wE92, 152L1
_cTEXL
_2CC
999 _c340989
_d340989